| 000 | 01046nam0a22002651 4500 | ||
|---|---|---|---|
| 001 | rc\4002504 | ||
| 005 | 20250611052448.0 | ||
| 021 |
_aRU _b[49-8495] |
||
| 035 | _a(NLR Aleph) 008073883 | ||
| 090 |
_a9080221 _c9080221 |
||
| 100 | _a20130415d1949 |||y0rusy50 ca | ||
| 101 | 0 | _arus | |
| 102 | _aRU | ||
| 105 | _aa z ||||| | ||
| 200 | 1 |
_aПамятка участника. Февраль 1949 г. _fКом. по делам физ. культуры и спорта при Совете министров РСФСР. Вторая Зимняя спартакиада РСФСР |
|
| 210 |
_a[Москва] _cТип. "Известий" _d[1949] |
||
| 215 |
_a64 с. _cил. _d20 |
||
| 300 | _aНа обл. только надзаголовок | ||
| 606 |
_aСпартакиады _z1949 _yРСФСР _2psbo |
||
| 710 | 1 | 2 | _aВсероссийская спартакиада по зимним видам спорта (2; 1949) |
| 801 | 0 |
_aRU _bNLR _gpsbo |
|
| 801 | 1 |
_aRU _bELAR _2rusmarc |
|
| 852 |
_aNLR _jФк02 Г-4/251 |
||
| 942 | _cBOOK | ||
| 980 | _aNB | ||